| 000 | 08564 a2200601 4500 | ||
|---|---|---|---|
| 005 | 20080819160722.0 | ||
| 008 | 080819t xxu||||| |||| 00| 0 hin d | ||
| 010 | _aHIN-83980 B-301754-781 | ||
| 020 |
_c125.00 _a8182790301 |
||
| 035 | _aHN-56326 B-301754-781 | ||
| 037 | _aDBAD / PUB | ||
| 040 |
_aDPL _bHN |
||
| 082 | _a615.854 | ||
| 100 | _aजैन, संदीप | ||
| 245 |
_aफल, सब्जियां व मसाले द्वारा चिकित्सा / _cसंदीप जैन |
||
| 246 |
_aPhala, sabajiyaan va masaale dwaaraa Chikitsaa _bby Sandeep Jain |
||
| 260 |
_aनौएडा _bविनायक प्रकाशन _c2007 |
||
| 270 |
_aसी-29, सेक्टर-14 _bनौएड़ा _c(उ.प्र.) _e14 |
||
| 300 |
_a136पृ _c22 सेमी (सजिल्द) |
||
| 650 |
_aस्वास्थय _xफल, सबजियां और पौधे _xचिकित्सा |
||
| 650 |
_aHealth _xFruits, Vegetables and Plants _xTreatment |
||
| 942 |
_adpl _cHN _2ddc _h615.854 _mजैनसं |
||
| 999 |
_c12815 _d12815 |
||